000 00437nam a22001337a 4500
003 SGT
020 _a9789354735905
082 _a891.4309
_bH22T
100 _aठेंगड़ी, दंत्तोपंत
245 _aहिन्दू कला दृष्टि : संस्कार भारती क्यों ?
260 _b प्रभात पेपरबैक्स
_c2022
300 _a120
942 _2ddc
_cBK
999 _c30317
_d30317